LEADER 00694nab a2200133 i 4500 001 000000328230 003 CaOOAMICUS 005 20180831173556.0 008 180831n it uu u0 0ita r 013 $a39839 040 $aSeMil$bita 245 10$aMons. Pietro Fumagalli (1910-1994) ; Mons. Ernesto Castiglioni (1914-1994) ; Don Cherubino Tornaghi (1925-1994) ; Lucia Beghin (19--?-1994?). - In [rubrica] :$bLa Fiaccola ricorda. 773 0 $t[MARZO 1995]. - 32 p.$gp.31-32$w()290964 996 $6245$aMons. Pietro Fumagalli (1910-1994) ; Mons. Ernesto Castiglioni (1914-1994) ; Don Cherubino Tornaghi (1925-1994) ; Lucia Beghin (19--?-1994?). - In [rubrica] :$bLa Fiaccola ricorda.$9(OLS)http://semarc/title/416818 LEADER 00689naa a2200145 i 4500 001 000000303628 003 CaOOAMICUS 005 20180831172803.0 008 180831n xx u000 u und u 013 $a11408 040 $aSeMil$bita 100 1 $aMarin, Marcello.$0(OLS)http://semarc/name/46727 245 12$aI fedeli «chiamati alla sapienza» secondo Agostino. 773 0 $tSacerdozio battesimale e formazione teologica nella catechesi e nella testimonianza di vita dei Padri.$dRoma : LAS, copyr. 1992.$kBiblioteca di scienze religiose $kStudi, testi, commenti patristici$z88-213-0240-7$w()39038 996 $6245$aI fedeli «chiamati alla sapienza» secondo Agostino$9(OLS)http://semarc/title/379587